Sumur usia

Bibliographic Details
Main Author: Isa Kamari
Format: Book
Published: Singapura : Pustaka Nasional , 1993
Subjects:

MARC

LEADER 00000cam a2200000 7i4500
001 0000015855
005 20080415.0
008 150408
020 |a 997177318X 
090 0 0 |a 899.231   |b ISA 
100 1 |a Isa Kamari 
245 1 0 |a Sumur usia   |c Isa Kamari 
260 |a Singapura :   |b Pustaka Nasional ,   |c 1993 
650 0 |a Poetry 
650 0 |a Sajak 
999 |a 0001016305   |b Book   |c Adult Collection   |e Perbadanan Perpustakaan Awam Johor 
999 |a 0001016306   |b Book   |c Adult Collection   |e Perbadanan Perpustakaan Awam Johor 
999 |a 0001016307   |b Book   |c Adult Collection   |e Perbadanan Perpustakaan Awam Johor